| 000 | 00515cam a2200193 4500 | ||
|---|---|---|---|
| 001 | J124975 | ||
| 008 | 040202n2003 000 0 eng u | ||
| 035 | _a(Sirsi) u124975 | ||
| 041 | _aeng | ||
| 050 |
_a711.52 _c18 |
||
| 110 |
_aEnglish Partnerships _91764 |
||
| 245 | _aCommercial property returns in deprived areas | ||
| 260 |
_aLondon _bEnglish Partnerships _c2003 |
||
| 650 | _aPROPERTY INVESTMENTS | ||
| 650 | _aDEPRIVED AREAS | ||
| 650 | _aURBAN REGENERATION | ||
| 690 | _aREGENERATION | ||
| 942 | _n0 | ||
| 999 |
_c103322 _d103322 |
||